Jeux de mots - Ils commencent par "sel". - Statistiques

Statistiques générales
  • Ce quiz a été pris 127 fois
  • Le résultat moyen est 4 sur 13
Statistiques - réponses
Hint Réponse % Correct
Adjectif désignant un endroit qui ne n'accepte pas tout le monde. Select
87%
On la met notamment sur un cheval. Selle
77%
On s'y restaure. Self
55%
Ensemble des pièces en cuir d'une automobile. Sellerie
47%
Élément non métallique de numéro atomique 34. Sélénium
41%
Nom désignant l'étude scientifique de la Lune. Sélénologie
17%
Il y en aurait des millions avant chaque coupe du monde de football. Sélectionneur
10%
Nom parfois donné à la forêt amazonienne. Selve|Selva
7%
Sel de l’acide sélénique. Sélénate|Séléniate
4%
Adjectif désignant ce qui est relatif à la dynastie fondée par Séleucos Ier Nicator. Séleucide
4%
Groupe de poissons auquel la raie appartient. A "Élasmobranches" pour synonyme. Sélaciens
3%
Adjectif relatif à dynastie turque qui régna notamment sur l’Asie Mineure et l’Iran du Xe au XIIIe siècle. Seldjoukide
2%
Bouquet de fleurs dont l'arrangement permettait la communication sans avoir à parler. Sélam
0%
Aucun quiz correspondant
Distribution des résultats
% des personnes avec chaque résultat
Percentile par nombre de réponses
Votre historique - résultats
Vous n’avez pas pris ce quiz